Relación Rota - Myke Towers - Estadísticas

Estadísticas generales
  • Esta prueba ha sido intentada 208 veces
  • La puntuación promedio es 300 de 389
Estadísticas de respuestas
Letra % Correcto
e'
97%
¿Y
96%
la
95%
que
95%
a
94%
Se
94%
se
94%
94%
de
92%
el
92%
mi
91%
mi'
91%
pa'
91%
con
90%
¿Con
90%
perfume
90%
relación
90%
ropa
90%
oliendo
89%
pasa
89%
rota
89%
Y
89%
y
89%
otra
87%
Por
87%
por
87%
las
86%
Las
86%
lo
86%
los
86%
Me
85%
me
85%
estoy
84%
estoy?
84%
Piensa
84%
quedó
84%
rom-
84%
rom
84%
rumore'
84%
84%
Tu'
84%
84%
tu
84%
whisky
82%
rompa
80%
Rompa
80%
corazón
78%
dijo
78%
no
78%
pena'
78%
Seré
78%
Ahogando
77%
ahogando
77%
hasta
77%
ve
76%
roca
75%
yo
73%
tuya
72%
rompieron
71%
Una
71%
vez
71%
promesa'
68%
si
66%
Si
66%
mal
65%
te
65%
to'
65%
cabeza
63%
ex
63%
esa
62%
ella'
61%
ella
61%
tengo
59%
cree'
58%
cree
58%
su
58%
ti
58%
follando
57%
le
57%
quedé
57%
amor
54%
fallaron
54%
quién
54%
ando?
52%
Insegura
51%
atraviesa?
49%
uno
49%
contesto
48%
del
48%
Dinero
48%
¿Dónde
48%
fallando
48%
herida'
48%
nunca
48%
sabe'
48%
curan
47%
también
47%
cintura
46%
casi
44%
cojo
44%
disimulan
44%
en
44%
amiga'
43%
huelo
42%
Tom
42%
acumulan
41%
lleva
41%
Mami
41%
mujer
41%
four
39%
gana'
39%
murmuran
38%
seven
38%
como
37%
Ford
37%
importar
37%
pegan
37%
porque
37%
quieren
37%
sonando
37%
sumando
37%
tiene
37%
twenty
37%
flow
35%
saludando
35%
Deja
34%
silueta
33%
cuerpo
32%
yeah
32%
dibujé
30%
Está
30%
conozco
29%
cartera
28%
claro
28%
mente
28%
pero
28%
chavo'
27%
mojé
24%
show'
23%
siempre
23%
Chris
20%
Exploto
15%
No se encontraron pruebas coincidentes
Distribución de puntuación
Porcentaje de gente con cada puntuación
Porcentaje por número respondido
Historial de tus puntuaciones
No has intentado esta prueba.